01407nam a2200337 a 4500001001200000003000800012006001900020007001500039008004100054010001700095020003700112020003400149020001800183020001800201020002700219040002100246035002100267050002800288100001600316245007900332260004000411300002500451500002000476505017500496533015200671650005700823655002900880710001700909856012600926999001701052ebr10392924CaPaEBRm u cr cn|||||||||100414s2010 inuad s 001 0 eng  z 2010926824 z9780470584637 (pbk : alk. paper) z0470584637 (pbk : alk. paper) z9780470881828 z9780470881835 z9780470904770 (e-book) aCaPaEBRcCaPaEBR a(OCoLC)69268004014aQA76.76.D49bF69 2010eb1 aFox, Steve.10aBeginning Sharepoint 2010 developmenth[electronic resource] /cSteve Fox. aIndianapolis, Ind. :bWiley,c2010. axxix, 466 p. :bill. aIncludes index.0 apt. 1. Welcome to SharePoint 2010 -- pt. 2. Getting started with SharePoint 2010 development -- pt. 3. Advanced topics for SharePoint 2010 development -- pt. 4. Appendix. aElectronic reproduction.bPalo Alto, Calif. :cebrary,d2010.nAvailable via World Wide Web.nAccess may be limited to ebrary affiliated libraries. 0aMicrosoft Windows device drivers (Computer programs) 7aElectronic books.2local2 aebrary, Inc.40uhttp://site.ebrary.com/lib/rucke/Doc?id=10392924zAn electronic book accessible through the World Wide Web; click to view c89048d89048